000 00427nam a22001457a 4500
005 20180802142215.0
020 _a8174453148
_c350.00
035 _aB-219763, B-219769
037 _aDPL
_bENG
100 _aDixit, Saurabh Kumar
245 _aTourism and politics /
_cby Saurabh Kumar Dixit
260 _aNew Delhi
_bMohit Publications
_c2005
300 _aiii, 169p.
_c20 cms.
942 _2ddc
_cEN
_h338.4791
_mDIX
999 _c66821
_d66821